Tìm hiểu việc tổ chức dạy học Lịch sử địa phương cho học sinh Tiểu học trên địa bàn huyện Can Lộc - tỉnh Hà Tĩnh trong môn Lịch sử lớp 4, 5
Cơ sở khoa học của việc tổ chức dạy học Lịch sử địa phương cho hoc sinh Tiểu học. Tìm hiểu việc tổ chức dạy học Lịch sử địa phương cho học sinh lớp 4, 5 ở một số trường Tiểu học trên địa bàn huyện Can Lộc - tỉnh Hà Tĩnh. Đề xuất phương pháp tổ chức dạy học Lịch sử địa phương nhằm giúp học sinh có đư...
Đã lưu trong:
| Tác giả chính: | |
|---|---|
| Tác giả khác: | |
| Định dạng: | Sách |
| Ngôn ngữ: | Vietnamese |
| Được phát hành: |
Đà Nẵng
Đại học Sư phạm, Đại học Đà Nẵng
2012
|
| Những chủ đề: | |
| Các nhãn: |
Thêm thẻ
Không có thẻ, Là người đầu tiên thẻ bản ghi này!
|
| Thư viện lưu trữ: | Mạng thư viện Đại học Đà Nẵng |
|---|
| LEADER | 01966nam a2200325 4500 | ||
|---|---|---|---|
| 001 | 000016763 | ||
| 003 | 13171 | ||
| 005 | 20130104080134.0 | ||
| 008 | 121226s2012 viesd | ||
| 041 | 0 | |a vie | |
| 082 | |a 372.89 |b VO-X | ||
| 100 | 1 | |a Võ Thị Thanh Xuân |e Tác giả | |
| 245 | 0 | |a Tìm hiểu việc tổ chức dạy học Lịch sử địa phương cho học sinh Tiểu học trên địa bàn huyện Can Lộc - tỉnh Hà Tĩnh trong môn Lịch sử lớp 4, 5 |c Võ Thị Thanh Xuân | |
| 260 | |a Đà Nẵng |b Đại học Sư phạm, Đại học Đà Nẵng |c 2012 | ||
| 300 | |a 69 tr., phụ lục, 23 tr. |b Hình ảnh |c 29 cm. |e Đĩa CD, tài liệu tóm tắt | ||
| 500 | |a Khóa luận tốt nghiệp đại học. Chuyên ngành: Sư phạm Tiểu học | ||
| 504 | |a Mục lục đầu trang, tài liệu tham khảo tr. 73 - 74, phụ lục [13 tr.] | ||
| 520 | |a Cơ sở khoa học của việc tổ chức dạy học Lịch sử địa phương cho hoc sinh Tiểu học. Tìm hiểu việc tổ chức dạy học Lịch sử địa phương cho học sinh lớp 4, 5 ở một số trường Tiểu học trên địa bàn huyện Can Lộc - tỉnh Hà Tĩnh. Đề xuất phương pháp tổ chức dạy học Lịch sử địa phương nhằm giúp học sinh có được những hiểu biết về địa phương, nơi mình đang sống. | ||
| 653 | |a Khoa Tiểu học Mầm Non | ||
| 700 | |a Đinh Thị Ngọc Bích |c Th.S |e Hướng dẫn | ||
| OWN | |a LSP | ||
| AVA | |a UDN50 |b LSP |d 372.89 VO-X |e available |t Error 5001 Not defined in file expand_doc_bib_avail. |f 1 |g 0 |h N |i 0 |k 1 | ||
| 999 | |a From the UDN01 | ||
| AVA | |a UDN50 |b LSP |d 372.89 VO-X |e available |t Error 5001 Not defined in file expand_doc_bib_avail. |f 1 |g 0 |h N |i 0 |k 1 | ||
| TYP | |a Monograph | ||
| TYP | |a Printed language | ||
| 980 | |a Mạng thư viện Đại học Đà Nẵng | ||